Trivia de Disney #4 (películas animadas) - Estadísticas

Estadísticas generales
  • Esta prueba ha sido intentada 941 veces
  • La puntuación promedio es 3 de 12
Answers on the Grid
Answers color-coded by a green-red scale on the quiz's grid according to % correct below.
Bambi
Blancanieves
Bolt
Dumbo
El Jorobado de Notredame
El Libro de la Selva
El Planeta del Tesoro
El Zorro y el Sabueso
Encanto
Fantasía
Frozen
La Bella Durmiente
La Cenicienta
La Dama y el Vagabundo
La Espada en la Piedra
La Sirenita
Los Aristogatos
Los Tres Caballeros
Peter Pan
Pinocho
Policías y Ratones
Robin Hood
Saludos Amigos
Tarzán
 
Estadísticas de respuestas
Respuesta % Correcto
Bambi
79%
Blancanieves
77%
Dumbo
42%
La Cenicienta
13%
La Bella Durmiente
12%
Fantasía
11%
Pinocho
7%
Peter Pan
6%
La Dama y el Vagabundo
5%
Saludos Amigos
4%
La Espada en la Piedra
3%
Los Tres Caballeros
3%
No se encontraron pruebas coincidentes
Distribución de puntuación
Porcentaje de gente con cada puntuación
Porcentaje por número respondido
Historial de tus puntuaciones
No has intentado esta prueba.